|
|
|
|
| LEADER |
00000nam2a2200000 4500 |
| 001 |
280410 |
| 005 |
20231101235313.0 |
| 020 |
|
|
|a RU
|b 86-41368ж
|
| 035 |
|
|
|a (RuTPU)RU\TPU\book\303719
|
| 090 |
|
|
|a 280410
|
| 100 |
|
|
|a 20141229d1986 k y0rusy5003 ca
|
| 101 |
0 |
|
|a rus
|
| 102 |
|
|
|a UA
|
| 105 |
|
|
|a a z 000zy
|
| 200 |
0 |
|
|a Вып. 32
|
| 210 |
|
|
|d 1986
|
| 215 |
|
|
|d 21 см
|a 124 с.
|c ил.
|
| 461 |
|
1 |
|0 (RuTPU)RU\TPU\book\242620
|t Физическая электроника
|o республиканский межведомственный научно-технический сборник
|f Львовский политехнический институт
|v Вып. 32
|d 1972-1990
|
| 606 |
1 |
|
|a Электроника физическая
|x (физика)
|2 stltpush
|3 (RuTPU)RU\TPU\subj\20347
|9 45456
|
| 610 |
1 |
|
|a твердое тело
|
| 610 |
1 |
|
|a газы
|
| 610 |
1 |
|
|a электронно-ионные процессы
|
| 610 |
1 |
|
|a полупроводниковые кристаллы
|
| 610 |
1 |
|
|a тонкие пленки
|
| 610 |
1 |
|
|a физические свойства
|
| 610 |
1 |
|
|a структура
|
| 610 |
1 |
|
|a полупроводниковые приборы
|
| 610 |
1 |
|
|a вакуумные приборы
|
| 610 |
1 |
|
|a твердые растворы
|
| 610 |
1 |
|
|a точечные дефекты
|
| 675 |
|
|
|a 537.5
|z rus
|v 4
|
| 801 |
|
0 |
|a RU
|b RuMRKP
|c 19950704
|g psbo
|
| 801 |
|
1 |
|a RU
|b 63413507
|c 20141229
|
| 801 |
|
2 |
|a RU
|b 63413507
|c 20170428
|g RCR
|
| 942 |
|
|
|c BK
|